Southville International School and Colleges
Your cart is empty.
  • Cart
  • Lists
    Public lists Eva Luna New books Lux_list list_1
    Your lists Log in to create your own lists
  • Log in to your account
  • Your cookies
  • Search history
Southville International School and Colleges
  • Advanced search
  • Recent comments
  • Most popular
  • Libraries

Log in to your account

Log in with GOOGLE


If you do not have an external account, but do have a local account, you can still log in:

  1. Home
  2. MARC view: The effects of different preparations of green tea on Staphylococcus aureus /
Normal view MARC view ISBD view

The effects of different preparations of green tea on Staphylococcus aureus / (Record no. 98047)

[ view plain ]
MARC details
000 -LEADER
fixed length control field 00916nam a2200217 a 4500
003 - CONTROL NUMBER IDENTIFIER
control field 0
005 - DATE AND TIME OF LATEST TRANSACTION
control field 20250819083726.0
008 - FIXED-LENGTH DATA ELEMENTS--GENERAL INFORMATION
fixed length control field 080827s19uu xx 00 eng d
050 ## - LIBRARY OF CONGRESS CALL NUMBER
Classification number PGS QR 82.S6.G74
Item number .Al411 2008
100 ## - MAIN ENTRY--PERSONAL NAME
Personal name Aligaen, Samantha Alexandra K.
245 ## - TITLE STATEMENT
Title The effects of different preparations of green tea on Staphylococcus aureus /
Statement of responsibility, etc Samantha Alexandra K. Aligaen.
260 ## - PUBLICATION, DISTRIBUTION, ETC. (IMPRINT)
Place of publication, distribution, etc Las Piñas City, Philippines :
Name of publisher, distributor, etc Southville International School and Colleges,
Date of publication, distribution, etc 2008.
300 ## - PHYSICAL DESCRIPTION
Extent 26 pages :
Other physical details illustrations ;
Dimensions 28 cm.
504 ## - BIBLIOGRAPHY, ETC. NOTE
Bibliography, etc Includes bibliographical references.
650 ## - SUBJECT ADDED ENTRY--TOPICAL TERM
Topical term or geographic name as entry element Staphylococcus aureus
Form subdivision Drug effects.
650 ## - SUBJECT ADDED ENTRY--TOPICAL TERM
Topical term or geographic name as entry element Green tea
Form subdivision Antibacterial properties.
650 ## - SUBJECT ADDED ENTRY--TOPICAL TERM
Topical term or geographic name as entry element Antibacterial agents
Form subdivision Natural products.
650 ## - SUBJECT ADDED ENTRY--TOPICAL TERM
Topical term or geographic name as entry element Zone of inhibition
Form subdivision Measurement in antibacterial testing.
650 ## - SUBJECT ADDED ENTRY--TOPICAL TERM
Topical term or geographic name as entry element Microbial Sensitivity Tests
Form subdivision Herbal Extracts.
942 ## - ADDED ENTRY ELEMENTS (KOHA)
Source of classification or shelving scheme Library of Congress Classification
Koha item type PASS
Holdings
Withdrawn status Lost status Source of classification or shelving scheme Damaged status Home library Current library Shelving location Date acquired Source of acquisition Total Checkouts Full call number Barcode Date last seen Price effective from Koha item type
    Library of Congress Classification   Luxembourg Library Luxembourg Library Portfolio Assessment of SISC Students Section 08/27/2008 Donation   PGS QR 82.S6.G74 .Al411 2008 P2143 04/08/2014 04/08/2014 PASS

The effects of different preparations of green tea on Staphylococcus aureus /

APA

Aligaen S. A. K., . (2008). The effects of different preparations of green tea on Staphylococcus aureus. Las Piñas City, Philippines: Southville International School and Colleges.

Chicago

Aligaen Samantha Alexandra K, . 2008. The effects of different preparations of green tea on Staphylococcus aureus. Las Piñas City, Philippines: Southville International School and Colleges.

Harvard

Aligaen S. A. K., . (2008). The effects of different preparations of green tea on Staphylococcus aureus. Las Piñas City, Philippines: Southville International School and Colleges.

MLA

Aligaen Samantha Alexandra K, . The effects of different preparations of green tea on Staphylococcus aureus. Las Piñas City, Philippines: Southville International School and Colleges. 2008.

  • Print
  • Cite
  • Add to your cart (remove)
  • Save record
    BIBTEX Dublin Core MARCXML MARC (non-Unicode/MARC-8) MARC (Unicode/UTF-8) MARC (Unicode/UTF-8, Standard) MODS (XML) RIS
  • More searches
    Search for this title in:
    Other Libraries (WorldCat) Other Databases (Google Scholar) Online Stores (Bookfinder.com) Open Library (openlibrary.org)

Exporting to Dublin Core...

SOUTHVILLE LIBRARY

Southville International School and Colleges Library

1281 Tropical Ave. Cor. Luxembourg St., BF Homes International, Las Pinas City

Tel. No. 8256374 / 252358 Loc. 117/146

Powered by Koha